Professional issues in nursing: challenges & opportunities. / (Record no. 9478)
[ view plain ]
| 000 -LEADER | |
|---|---|
| fixed length control field | 02940cam a2200349 a 4500 |
| 001 - CONTROL NUMBER | |
| control field | 17474879 |
| 003 - CONTROL NUMBER IDENTIFIER | |
| control field | OSt |
| 005 - DATE AND TIME OF LATEST TRANSACTION | |
| control field | 20230329115101.0 |
| 008 - FIXED-LENGTH DATA ELEMENTS--GENERAL INFORMATION | |
| fixed length control field | 120924s2014 mdua b 001 0 eng |
| 010 ## - LIBRARY OF CONGRESS CONTROL NUMBER | |
| LC control number | 2012038966 |
| 020 ## - INTERNATIONAL STANDARD BOOK NUMBER | |
| International Standard Book Number | 9781451128338 |
| 035 ## - SYSTEM CONTROL NUMBER | |
| System control number | (DNLM)101592709 |
| 040 ## - CATALOGING SOURCE | |
| Original cataloging agency | DNLM/DLC |
| Transcribing agency | LC |
| Modifying agency | DLC |
| 042 ## - AUTHENTICATION CODE | |
| Authentication code | pcc |
| 050 00 - LIBRARY OF CONGRESS CALL NUMBER | |
| Classification number | RT82.H87 |
| 060 10 - NATIONAL LIBRARY OF MEDICINE CALL NUMBER | |
| Classification number | WY 16 |
| 082 00 - DEWEY DECIMAL CLASSIFICATION NUMBER | |
| Classification number | 610.73 |
| Edition number | 23 |
| 100 1# - MAIN ENTRY--PERSONAL NAME | |
| Personal name | Huston, Carol Jorgensen. |
| 9 (RLIN) | 900 |
| 245 10 - TITLE STATEMENT | |
| Title | Professional issues in nursing: challenges & opportunities. / |
| Statement of responsibility, etc. | Carol J. Huston. |
| 250 ## - EDITION STATEMENT | |
| Edition statement | 3rd ed. |
| 260 ## - PUBLICATION, DISTRIBUTION, ETC. | |
| Place of publication, distribution, etc. | Baltimore, MD: |
| Name of publisher, distributor, etc. | Wolters Kluwer Health/Lippincott Williams & Wilkins, |
| Date of publication, distribution, etc. | 2014. |
| 300 ## - PHYSICAL DESCRIPTION | |
| Extent | x, 416 p. : |
| Other physical details | ill. ; |
| Dimensions | 23 cm. |
| 504 ## - BIBLIOGRAPHY, ETC. NOTE | |
| Bibliography, etc. note | Includes bibliographical references and index. |
| 505 0# - FORMATTED CONTENTS NOTE | |
| Formatted contents note | Contents: Entry into practice: the debate rages on / Carol Huston -- Evidence based practice / Suzanne Prevost -- Developing effective leaders to meet 21st century healthcare challenges / Bernadette Mazurek Melnyk, Kathy Malloch, and Lynn Gallagher-Ford -- Using simulation to teach nurses / Sherry D. Fox and Rebekah Damazo -- The current nursing shortage: causes, consequences, and solutions / Carol Huston -- Importing foreign nurses / Carol Huston -- Unlicensed assistive personnel and the registered nurse / Carol Huston -- Socialization and mentoring / Jeanne Madison -- Diversity in the nursing workforce / Carol Huston -- New graduate RN transition to practice programs(Nurse residencies) / Deloras Jones and Nikki West -- Mandatory minimum staffing ratios: are they working? / Carol Huston -- Mandatory overtime in nursing: how much? how often? / Carol Huston -- Violence in nursing: the expectations and the reality / Charmaine Hockley -- Technology in the health care workplace: benefits, limitations, and challenges / Carol Huston -- Medical errors: an ongoing threat to quality health care / Carol Huston -- Whistle-blowing in nursing / Carol Huston -- Impaired nursing practice: what are we doing about it? / Jennifer Lillibridge -- Collective bargaining and the professional nurse / Carol Huston -- Assuring provider competence through licensure, continuing education, and certification / Carol Huston -- The nursing profession's historic struggle to increase its power base / Carol Huston -- Professional identity and image / Carol Huston -- Advanced practice nursing: the latest issues and trends / Margaret Rowberg -- Nursing, policy, and politics: understanding the connection and importance of getting involved / Donna M. Nickitas -- Nursing's professional associations / Marjorie Beyers. |
| 650 12 - SUBJECT ADDED ENTRY--TOPICAL TERM | |
| Topical term or geographic name entry element | Nursing |
| General subdivision | trends |
| Geographic subdivision | United States. |
| 9 (RLIN) | 1104 |
| 650 22 - SUBJECT ADDED ENTRY--TOPICAL TERM | |
| Topical term or geographic name entry element | Ethics, Nursing |
| Geographic subdivision | United States. |
| 9 (RLIN) | 520 |
| 650 22 - SUBJECT ADDED ENTRY--TOPICAL TERM | |
| Topical term or geographic name entry element | Nurse's Role |
| Geographic subdivision | United States. |
| 9 (RLIN) | 1105 |
| 650 22 - SUBJECT ADDED ENTRY--TOPICAL TERM | |
| Topical term or geographic name entry element | Nursing |
| General subdivision | manpower |
| Geographic subdivision | United States. |
| 9 (RLIN) | 1106 |
| 650 22 - SUBJECT ADDED ENTRY--TOPICAL TERM | |
| Topical term or geographic name entry element | Professional Competence |
| Geographic subdivision | United States. |
| 9 (RLIN) | 1107 |
| 906 ## - LOCAL DATA ELEMENT F, LDF (RLIN) | |
| a | 7 |
| b | cbc |
| c | orignew |
| d | 1 |
| e | ecip |
| f | 20 |
| g | y-gencatlg |
| 942 ## - ADDED ENTRY ELEMENTS (KOHA) | |
| Source of classification or shelving scheme | Library of Congress Classification |
| Koha item type | Books |
| Withdrawn status | Lost status | Source of classification or shelving scheme | Damaged status | Not for loan | Home library | Current library | Shelving location | Date acquired | Full call number | Barcode | Date last seen | Price effective from | Koha item type | Copy number | Total Checkouts |
|---|---|---|---|---|---|---|---|---|---|---|---|---|---|---|---|
| Library of Congress Classification | WISCONSIN INTERNATIONAL UNIVERSITY COLLEGE, GHANA KUMASI LIBRARY | WISCONSIN INTERNATIONAL UNIVERSITY COLLEGE, GHANA KUMASI LIBRARY | nursing | 09/02/2023 | RT82.H87(3e) | KSN/1147/094/23 | 29/03/2023 | 29/03/2023 | Books | ||||||
| Library of Congress Classification | WISCONSIN INTERNATIONAL UNIVERSITY COLLEGE, GHANA KUMASI LIBRARY | WISCONSIN INTERNATIONAL UNIVERSITY COLLEGE, GHANA KUMASI LIBRARY | nursing | 25/11/2019 | RT82.H871(3e) | KSN/583/583/19 | 02/11/2023 | 29/03/2023 | Books | 2 | |||||
| Library of Congress Classification | WISCONSIN INTERNATIONAL UNIVERSITY COLLEGE, GHANA KUMASI LIBRARY | WISCONSIN INTERNATIONAL UNIVERSITY COLLEGE, GHANA KUMASI LIBRARY | nursing | 25/11/2019 | RT82.H872(3e) | KSN/764/764/19 | 02/11/2023 | 29/03/2023 | Books | 3 | |||||
| Library of Congress Classification | WISCONSIN INTERNATIONAL UNIVERSITY COLLEGE, GHANA KUMASI LIBRARY | WISCONSIN INTERNATIONAL UNIVERSITY COLLEGE, GHANA KUMASI LIBRARY | nursing | 26/11/2019 | RT82.H873(3e) | KSN/765/765/19 | 02/11/2023 | 29/03/2023 | Books | 4 | |||||
| Library of Congress Classification | WISCONSIN INTERNATIONAL UNIVERSITY COLLEGE, GHANA KUMASI LIBRARY | WISCONSIN INTERNATIONAL UNIVERSITY COLLEGE, GHANA KUMASI LIBRARY | nursing | 29/11/2019 | RT82.H874(3e) | KSN/916/916/19 | 02/11/2023 | 29/03/2023 | Books | 5 | |||||
| Library of Congress Classification | WISCONSIN INTERNATIONAL UNIVERSITY COLLEGE, GHANA KUMASI LIBRARY | WISCONSIN INTERNATIONAL UNIVERSITY COLLEGE, GHANA KUMASI LIBRARY | nursing | 26/11/2019 | RT82.H875(3e) | KSN/761/761/19 | 08/11/2023 | 29/03/2023 | Books | 6 | |||||
| Library of Congress Classification | WISCONSIN INTERNATIONAL UNIVERSITY COLLEGE, GHANA KUMASI LIBRARY | WISCONSIN INTERNATIONAL UNIVERSITY COLLEGE, GHANA KUMASI LIBRARY | nursing | 26/11/2019 | RT82.H876(3e) | KSN/762/762/19 | 08/11/2023 | 29/03/2023 | Books | 7 | |||||
| Library of Congress Classification | WISCONSIN INTERNATIONAL UNIVERSITY COLLEGE, GHANA KUMASI LIBRARY | WISCONSIN INTERNATIONAL UNIVERSITY COLLEGE, GHANA KUMASI LIBRARY | nursing | 26/11/2019 | RT82.H877(3e) | KSN/763/763/19 | 08/11/2023 | 29/03/2023 | Books | 8 |
